[Event "Ruhrgebiet Verbandsliga1 1213"]
[Site "Nordrheinwestfalen"]
[Date "2012.10.28"]
[Round "3"]
[White "Baar, Michael"]
[Black "Szenasi, Laszlo"]
[Result "1-0"]
[WhiteElo "1836"]
[BlackElo "1614"]
[PlyCount "107"]
[EventDate "2012.09.02"]
[EventType "team-tourn"]
[EventRounds "9"]
[EventCountry "GER"]
[SourceTitle "EXT 2020"]
[Source "ChessBase"]
[SourceDate "2019.10.17"]
[SourceVersion "1"]
[SourceVersionDate "2019.10.17"]
[SourceQuality "1"]
[WhiteTeam "Buer SF"]
[BlackTeam "Dortmund Hansa III"]
[WhiteTeamCountry "GER"]
[BlackTeamCountry "GER"]

1. Nc3 Nf6 2. Nf3 d5 3. e3 e6 4. b3 Bd6 5. Bb2 c5 6. Bb5+ Nc6 7. Bxc6+ bxc6 8. d3 0-0 9. 0-0 Rb8 10. e4 Qc7 11. h3 Rd8 12. e5 Bxe5 13. Nxe5 Qxe5 14. Na4 d4 15. Re1 Qd6 16. Ba3 Nd7 17. Qh5 e5 18. f4 Re8 19. fxe5 Qd5 20. Qh4 Ba6 21. Re4 Bb5 22. Nb2 Re6 23. Nc4 Nxe5 24. Rxe5 Rxe5 25. Nxe5 Qxe5 26. Re1 Qd6 27. Qe7 Qxe7 28. Rxe7 a5 29. Bxc5 a4 30. Bxd4 axb3 31. axb3 f6 32. Bc5 Ba6 33. Rc7 Bc8 34. Rxc6 Kf7 35. b4 Bd7 36. Rd6 Ba4 37. c4 Ke8 38. Kf2 Bd7 39. Ke3 f5 40. d4 Rb7 41. Rb6 Rc7 42. b5 Bc8 43. Kd3 g5 44. Rf6 Rg7 45. g3 h5 46. Rf8+ Kd7 47. Rxf5 Kc7 48. Re5 Bxh3 49. Kc3 Bd7 50. Kb4 h4 51. gxh4 gxh4 52. d5 h3 53. Rh5 Rg1 54. Bxg1 1-0